Missing 'Q' Acronyms Quiz Stats

Quiz Updated Nov 30, 2016

Challenge
Share
Tweet
Embed
Score 0/20 Timer 04:00
3 Plays Today
% Correct
Questions
94.8%
Quarter
90.4%
Queen
90.1%
Quality
88.4%
Quotient
85.2%
Quantum
82.4%
Qualified
81.8%
Quarterly
78.4%
Queensland
76.6%
Quartz
76.2%
% Correct
Quasi
70.1%
Queens
67.9%
Quick
66.4%
Quod
59.7%
Quote
57.2%
Qatar
55.4%
Query
51.3%
Québécois
46.9%
Quantity
42.9%
Quorum
22.4%

You're not logged in!

Compare scores with friends on all Sporcle quizzes.
Join for Free
OR
Log In

You Might Also Like...

Show Comments

Extras

Top Quizzes Today


Score Distribution

Your Account Isn't Verified!

In order to create a playlist on Sporcle, you need to verify the email address you used during registration. Go to your Sporcle Settings to finish the process.

Report this User

Report this user for behavior that violates our Community Guidelines.

Details: